01158nam a2200277Ia 4500001002400000003000900024008004100033040002300074041001300097100002400110240004900134245004300183250001100226260002800237300001900265490002200284500007400306501012400380520005600504700002100560700003200581942000700613957000600620999004200626952021200668810.9-STR he ci (11988)IT-MiSPE171229s9999||||xx |||||||||||||| ||und|| aIT-MiSPEcIT-MiSPE aITALIANO aHeinrich Straumann  aAmerican literature in the twentieth century 0aCinquant'anni di letteratura americana a2a ed. aBolognabCappellic1962 a263 p. c19 cm aUniversale C.v21 aAmericana in inglese, letteratura - Storia; USA, letteratura - Storia aEdizioni San Paolo srl - Piazza Soncino, 5 - 20092 CINISELLO BALSAMO (MI) (non commercial uses only) ® Copyright 2018 aA. Bianchini (trad), Alfredo Rizzardi (intr.). Tav. aAlfredo Rizzardi aM.R. Cimnaghig(traduzione) cBK 71 a17287bNOg Copie: 1 c352537d352537 0010406810_000000000000000_9STR_HE_CI_1198871aCINISELLObCINISELLOd2017-12-30l0o810.9-STR he ci (11988)r2017-12-30 00:00:00w2017-12-30yBKz(data import: 20 dicembre 2017) - By Epidotti, Vaglietti.